[Event "HUN-chT2 Maroczy 1112"]
[Site "Hungary"]
[Date "2012.05.20"]
[Round "11"]
[White "Ban, Daniel Peter"]
[Black "Egri, Laszlo"]
[Result "0-1"]
[WhiteElo "2119"]
[BlackElo "2169"]
[PlyCount "65"]
[EventDate "2011.09.25"]
[EventType "team-tourn"]
[EventRounds "11"]
[EventCountry "HUN"]
[SourceTitle "EXT 2013"]
[Source "ChessBase"]
[SourceDate "2012.11.22"]
[SourceVersion "1"]
[SourceVersionDate "2012.11.22"]
[SourceQuality "1"]
[WhiteTeam "Nyiregyhaza"]
[BlackTeam "Kisujszallas"]
[WhiteTeamCountry "HUN"]
[BlackTeamCountry "HUN"]

1. e4 e5 2. Nf3 Nc6 3. d4 exd4 4. Nxd4 Nf6 5. Nxc6 bxc6 6. e5 Qe7 7. Qe2 Nd5 8. c4 Ba6 9. Nd2 g6 10. b3 Bg7 11. Bb2 0-0 12. 0-0-0 Rae8 13. Qg4 f5 14. Qd4 Nb4 15. f4 c5 16. Qf2 Nxa2+ 17. Kb1 Nb4 18. h4 h5 19. Rh3 Bb7 20. Re3 Qe6 21. Be2 a5 22. Nf3 Be4+ 23. Kc1 Bh6 24. g3 Ra8 25. Rxe4 fxe4 26. Nd2 a4 27. Nxe4 d6 28. Ng5 Bxg5 29. hxg5 axb3 30. exd6 cxd6 31. Qf3 Rfe8 32. Bd3 Ra4 33. f5 0-1

[Event "HUN-chT2 Maroczy 1112"]
[Site "Hungary"]
[Date "2012.02.19"]
[Round "6"]
[White "Virag, Attila Aba"]
[Black "Ban, Daniel Peter"]
[Result "1/2-1/2"]
[WhiteElo "2239"]
[BlackElo "2119"]
[PlyCount "74"]
[EventDate "2011.09.25"]
[EventType "team-tourn"]
[EventRounds "11"]
[EventCountry "HUN"]
[SourceTitle "EXT 2013"]
[Source "ChessBase"]
[SourceDate "2012.11.22"]
[SourceVersion "1"]
[SourceVersionDate "2012.11.22"]
[SourceQuality "1"]
[WhiteTeam "Miskolc EMSE"]
[BlackTeam "Nyiregyhaza"]
[WhiteTeamCountry "HUN"]
[BlackTeamCountry "HUN"]

1. e4 c5 2. Nf3 d6 3. d4 cxd4 4. Nxd4 Nf6 5. Nc3 g6 6. Be2 Bg7 7. 0-0 0-0 8. Be3 Nc6 9. Qd2 Bd7 10. Rad1 Rc8 11. f3 a6 12. Kh1 Re8 13. g4 Nxd4 14. Bxd4 Bc6 15. Qe3 Nd7 16. Bxg7 Kxg7 17. Qd4+ Kg8 18. f4 Qb6 19. Qxb6 Nxb6 20. Rd4 Nd7 21. Kg1 Rc7 22. g5 Kg7 23. Kf2 e5 24. Rxd6 exf4 25. Kf3 Nc5 26. Bd3 Ne6 27. Kg4 Kf8 28. Nd5 Bxd5 29. exd5 Nc5 30. Rf2 Nxd3 31. cxd3 Re3 32. Kxf4 Rxd3 33. Ke5 Ke7 34. Rdf6 Ke8 35. d6 Rc5+ 36. Ke4 Rcd5 37. Rxf7 R3d4+ 1/2-1/2

[Event "HUN-chT2 Maroczy 1112"]
[Site "Hungary"]
[Date "2011.11.12"]
[Round "4"]
[White "Vegh, Endre"]
[Black "Ban, Daniel Peter"]
[Result "1-0"]
[WhiteElo "2267"]
[BlackElo "2119"]
[PlyCount "107"]
[EventDate "2011.09.25"]
[EventType "team-tourn"]
[EventRounds "11"]
[EventCountry "HUN"]
[SourceTitle "EXT 2013"]
[Source "ChessBase"]
[SourceDate "2012.11.22"]
[SourceVersion "1"]
[SourceVersionDate "2012.11.22"]
[SourceQuality "1"]
[WhiteTeam "Dunaharaszti"]
[BlackTeam "Nyiregyhaza"]
[WhiteTeamCountry "HUN"]
[BlackTeamCountry "HUN"]

1. d4 c5 2. d5 e6 3. c4 exd5 4. cxd5 d6 5. Nc3 Nf6 6. e4 g6 7. f3 Bg7 8. Bg5 a6 9. a4 h6 10. Be3 Nbd7 11. Nh3 Rb8 12. Nf2 Nb6 13. Be2 Bd7 14. 0-0 0-0 15. Qd2 Kh7 16. f4 Ng4 17. Bxg4 Nc4 18. Qe2 Nxe3 19. Bxd7 Nxf1 20. Bh3 Nxh2 21. Kxh2 b5 22. axb5 axb5 23. Nxb5 Qb6 24. Bd7 Ra8 25. Rxa8 Rxa8 26. Bc6 Ra2 27. e5 dxe5 28. fxe5 c4 29. Nd1 Ra1 30. Nf2 Ra2 31. Ng4 Ra1 32. Qxc4 Qg1+ 33. Kg3 Qe1+ 34. Kf3 Bxe5 35. Nxe5 Qxe5 36. d6 Qf6+ 37. Kg3 h5 38. Qf4 Qe6 39. Qe4 Qf6 40. Qf4 Qe6 41. Kh2 Rd1 42. Bf3 Rf1 43. Qe4 Qd7 44. Qd5 Kh6 45. Nc7 Qa4 46. Qe4 Qa7 47. Qf4+ Kg7 48. Ne8+ Kh7 49. Nf6+ Kg7 50. d7 Qg1+ 51. Kh3 Qf2 52. Nxh5+ gxh5 53. Qg5+ Kh7 54. Be4+ 1-0

[Event "HUN-chT U18"]
[Site "Miskolc"]
[Date "2011.11.06"]
[Round "8.2"]
[White "Ban, Daniel Peter"]
[Black "Peczely, Sebastian Zsombor"]
[Result "0-1"]
[WhiteElo "2119"]
[BlackElo "2031"]
[PlyCount "96"]
[EventDate "2011.11.02"]
[EventType "team-swiss"]
[EventRounds "8"]
[EventCountry "HUN"]
[SourceTitle "EXT 2012"]
[Source "ChessBase"]
[SourceDate "2011.11.24"]
[SourceVersion "1"]
[SourceVersionDate "2011.11.24"]
[SourceQuality "1"]
[WhiteTeam "Nyiregyhaza"]
[BlackTeam "Roszke"]
[WhiteTeamCountry "HUN"]
[BlackTeamCountry "HUN"]

1. e4 e5 2. Nf3 Nc6 3. Bb5 a6 4. Ba4 Nf6 5. 0-0 Be7 6. Re1 b5 7. Bb3 d6 8. c3 0-0 9. h3 Na5 10. Bc2 c5 11. d4 Nd7 12. Nbd2 exd4 13. cxd4 Nc6 14. d5 Nce5 15. a4 Rb8 16. axb5 axb5 17. Nxe5 Nxe5 18. f4 Ng6 19. Nf3 Bh4 20. Rf1 Bg3 21. f5 Ne5 22. Ng5 h6 23. Ra3 Bh4 24. Nf3 Bf6 25. Nxe5 Bxe5 26. g4 b4 27. Raf3 Ba6 28. Bd3 Bxd3 29. Qxd3 Qf6 30. Qe2 Rfe8 31. Kh1 Bd4 32. Re1 Ra8 33. g5 hxg5 34. Qg2 Ra1 35. Rff1 Rxc1 36. Rxc1 Bxb2 37. Rb1 Bd4 38. Rfe1 Bc3 39. Re2 c4 40. Qf3 b3 41. Rc1 b2 42. Rb1 Be5 43. Ree1 c3 44. Qd3 Rc8 45. Qc2 Qh6 46. Re3 g4 47. Rd3 Rc5 48. Kg2 Qf4 0-1

[Event "HUN-chT U18"]
[Site "Miskolc"]
[Date "2011.11.05"]
[Round "7.2"]
[White "Smideliusz, Mark"]
[Black "Ban, Daniel Peter"]
[Result "1/2-1/2"]
[WhiteElo "2030"]
[BlackElo "2119"]
[PlyCount "53"]
[EventDate "2011.11.02"]
[EventType "team-swiss"]
[EventRounds "8"]
[EventCountry "HUN"]
[SourceTitle "EXT 2012"]
[Source "ChessBase"]
[SourceDate "2011.11.24"]
[SourceVersion "1"]
[SourceVersionDate "2011.11.24"]
[SourceQuality "1"]
[WhiteTeam "Sarvar"]
[BlackTeam "Nyiregyhaza"]
[WhiteTeamCountry "HUN"]
[BlackTeamCountry "HUN"]

1. d4 d5 2. Nf3 Nf6 3. c4 c6 4. e3 e6 5. Nc3 Nbd7 6. Bd3 Be7 7. 0-0 0-0 8. Qe2 dxc4 9. Bxc4 b5 10. Bd3 b4 11. Ne4 c5 12. dxc5 Nxc5 13. Nxc5 Bxc5 14. e4 Bb7 15. e5 Bxf3 16. Qxf3 Nd7 17. Qe4 g6 18. Bh6 Re8 19. Bb5 a6 20. Ba4 Ra7 21. Rfd1 Qe7 22. Rd2 Rc8 23. h4 Nb6 24. Bb3 a5 25. Rad1 Qe8 26. Bg5 Raa8 27. Kh2 1/2-1/2

[Event "HUN-chT U18"]
[Site "Miskolc"]
[Date "2011.11.04"]
[Round "4.2"]
[White "Ban, Daniel Peter"]
[Black "Bodi, Tibor"]
[Result "1/2-1/2"]
[WhiteElo "2119"]
[BlackElo "2101"]
[PlyCount "113"]
[EventDate "2011.11.02"]
[EventType "team-swiss"]
[EventRounds "8"]
[EventCountry "HUN"]
[SourceTitle "EXT 2012"]
[Source "ChessBase"]
[SourceDate "2011.11.24"]
[SourceVersion "1"]
[SourceVersionDate "2011.11.24"]
[SourceQuality "1"]
[WhiteTeam "Nyiregyhaza"]
[BlackTeam "Kobanya Aquarena"]
[WhiteTeamCountry "HUN"]
[BlackTeamCountry "HUN"]

1. e4 Nf6 2. e5 Nd5 3. d4 d6 4. Nf3 Nb6 5. a4 a5 6. exd6 exd6 7. Bd3 Be7 8. 0-0 0-0 9. Nbd2 Nc6 10. c3 d5 11. Re1 Bf6 12. Nf1 Bg4 13. h3 Bxf3 14. Qxf3 Ne7 15. Bf4 Ng6 16. Bg3 c6 17. Ne3 Nc8 18. Qd1 Bh4 19. Bxh4 Qxh4 20. Qg4 Qxg4 21. Nxg4 Nf4 22. Bf1 Nd6 23. Ne5 Ng6 24. Nxg6 hxg6 25. Bd3 Rfe8 26. Kf1 g5 27. b3 f5 28. Rab1 Ne4 29. Bxe4 dxe4 30. b4 axb4 31. Rxb4 Re7 32. Reb1 Kf7 33. Rxb7 Rxa4 34. Rxe7+ Kxe7 35. Rb7+ Ke6 36. Rxg7 Rc4 37. Rg6+ Kf7 38. Rxg5 Kf6 39. h4 Rxc3 40. g4 fxg4 41. Rxg4 Kf5 42. Rg5+ Kf4 43. Rc5 Rd3 44. Rxc6 Rxd4 45. Rg6 Kf5 46. Rg3 e3 47. Rxe3 Rxh4 48. Ra3 Rb4 49. Ke2 Rb5 50. Kf3 Rc5 51. Ra4 Rc3+ 52. Kg2 Rb3 53. f3 Rb1 54. Kf2 Rc1 55. Ra5+ Kf4 56. Ra4+ Kf5 57. Ra5+ 1/2-1/2

[Event "HUN-chT2 Maroczy 1112"]
[Site "Hungary"]
[Date "2011.09.25"]
[Round "1"]
[White "Ban, Daniel Peter"]
[Black "Metaxasz, Vaszilisz"]
[Result "0-1"]
[WhiteElo "2119"]
[BlackElo "2165"]
[PlyCount "57"]
[EventDate "2011.09.25"]
[EventType "team-tourn"]
[EventRounds "11"]
[EventCountry "HUN"]
[SourceTitle "EXT 2013"]
[Source "ChessBase"]
[SourceDate "2012.11.22"]
[SourceVersion "1"]
[SourceVersionDate "2012.11.22"]
[SourceQuality "1"]
[WhiteTeam "Nyiregyhaza"]
[BlackTeam "Taban Spartacus"]
[WhiteTeamCountry "HUN"]
[BlackTeamCountry "HUN"]

1. e4 c5 2. Nf3 Nc6 3. d4 cxd4 4. Nxd4 Qb6 5. Nb3 Nf6 6. Nc3 e6 7. Be3 Qc7 8. a3 a6 9. Be2 b5 10. 0-0 Be7 11. f4 d6 12. Qe1 0-0 13. Rd1 Rb8 14. Kh1 b4 15. axb4 Nxb4 16. Nd4 Rd8 17. Qg3 g6 18. Bc1 d5 19. e5 Ne4 20. Nxe4 dxe4 21. c3 Na2 22. f5 Nxc1 23. Rxc1 exf5 24. h4 Bf6 25. Nxf5 Bxf5 26. Rxf5 Bg7 27. Rf2 Bxe5 28. Qe3 Rxb2 29. Qxe4 0-1

[Event "Vaujany op-A 2nd"]
[Site "Vaujany"]
[Date "2011.07.22"]
[Round "9"]
[White "Ban, Daniel Peter"]
[Black "Milchev, Nikolay"]
[Result "0-1"]
[WhiteElo "2161"]
[BlackElo "2389"]
[PlyCount "66"]
[EventDate "2011.07.14"]
[EventType "swiss"]
[EventRounds "9"]
[EventCountry "FRA"]
[SourceTitle "EXT 2012"]
[Source "ChessBase"]
[SourceDate "2011.11.24"]
[SourceVersion "1"]
[SourceVersionDate "2011.11.24"]
[SourceQuality "1"]

1. e4 g6 2. d4 Bg7 3. Nc3 d6 4. f4 a6 5. Nf3 b5 6. Bd3 Bb7 7. a4 b4 8. Ne2 a5 9. 0-0 Nd7 10. c3 e6 11. cxb4 axb4 12. f5 exf5 13. exf5 Ngf6 14. fxg6 hxg6 15. Nf4 Ne4 16. Re1 Qe7 17. Bd2 Bh6 18. Qc2 Ndf6 19. d5 b3 20. Qc4 Bxf4 21. Qb5+ c6 22. Qxb3 Bxd2 23. Nxd2 cxd5 24. a5 0-0 25. Nf3 Ba6 26. Bxa6 Rxa6 27. Qa3 Rb8 28. Re2 Qa7+ 29. Kh1 Qc5 30. Qa4 Rb4 31. Qa3 Ng4 32. Rf1 Rxa5 33. Qd3 Ngf2+ 0-1

[Event "Vaujany op-A 2nd"]
[Site "Vaujany"]
[Date "2011.07.21"]
[Round "8"]
[White "Ban, Daniel Peter"]
[Black "Vasquez, Georges"]
[Result "1-0"]
[WhiteElo "2161"]
[BlackElo "2066"]
[PlyCount "59"]
[EventDate "2011.07.14"]
[EventType "swiss"]
[EventRounds "9"]
[EventCountry "FRA"]
[SourceTitle "EXT 2012"]
[Source "ChessBase"]
[SourceDate "2011.11.24"]
[SourceVersion "1"]
[SourceVersionDate "2011.11.24"]
[SourceQuality "1"]

1. e4 c6 2. d4 d5 3. e5 Bf5 4. h4 h6 5. g4 Bd7 6. Bd3 c5 7. dxc5 e6 8. c3 Bxc5 9. Nd2 Nc6 10. Ngf3 Qc7 11. Qe2 a6 12. Nb3 Bb6 13. Bf4 Nge7 14. Bg3 0-0-0 15. 0-0 Kb8 16. Nbd4 g6 17. Rfc1 Bxd4 18. cxd4 Qb6 19. Rc3 Ka7 20. Bf4 h5 21. g5 Nb4 22. Rb3 Ba4 23. Rc3 Nxd3 24. Qxd3 Rc8 25. Rxc8 Rxc8 26. Qa3 Nf5 27. Qxa4 Qxb2 28. Rf1 Rc4 29. Qd7 Qe2 30. Rb1 1-0

[Event "Vaujany op-A 2nd"]
[Site "Vaujany"]
[Date "2011.07.20"]
[Round "7"]
[White "Atanane, Cedric"]
[Black "Ban, Daniel Peter"]
[Result "0-1"]
[WhiteElo "2050"]
[BlackElo "2161"]
[PlyCount "62"]
[EventDate "2011.07.14"]
[EventType "swiss"]
[EventRounds "9"]
[EventCountry "FRA"]
[SourceTitle "EXT 2012"]
[Source "ChessBase"]
[SourceDate "2011.11.24"]
[SourceVersion "1"]
[SourceVersionDate "2011.11.24"]
[SourceQuality "1"]

1. e4 c5 2. Nf3 d6 3. d4 cxd4 4. Nxd4 Nf6 5. Nc3 g6 6. Be3 Bg7 7. f3 0-0 8. Bc4 Nc6 9. Qd2 Bd7 10. 0-0-0 Rc8 11. Bb3 Ne5 12. h4 h5 13. Kb1 Nc4 14. Bxc4 Rxc4 15. Nb3 b5 16. g4 b4 17. Nd5 Nxd5 18. Qxd5 Qc7 19. Bd4 Bh6 20. Nc5 Rxc5 21. Bxc5 Be6 22. Bxd6 exd6 23. Qxd6 Qc4 24. b3 Qc3 25. Rd3 Qc8 26. gxh5 gxh5 27. Qe5 Qb8 28. Qxh5 Kh7 29. e5 Qc8 30. Rg1 Bf5 31. Rd2 Bg6 0-1

[Event "Vaujany op-A 2nd"]
[Site "Vaujany"]
[Date "2011.07.18"]
[Round "5"]
[White "Haver, Bas"]
[Black "Ban, Daniel Peter"]
[Result "1/2-1/2"]
[WhiteElo "2023"]
[BlackElo "2161"]
[PlyCount "59"]
[EventDate "2011.07.14"]
[EventType "swiss"]
[EventRounds "9"]
[EventCountry "FRA"]
[SourceTitle "EXT 2012"]
[Source "ChessBase"]
[SourceDate "2011.11.24"]
[SourceVersion "1"]
[SourceVersionDate "2011.11.24"]
[SourceQuality "1"]

1. e4 c5 2. Nf3 d6 3. d4 cxd4 4. Nxd4 Nf6 5. Nc3 g6 6. Be3 Bg7 7. f3 0-0 8. Qd2 Nc6 9. Bc4 Bd7 10. 0-0-0 Rb8 11. h4 b5 12. Bb3 Na5 13. Bh6 Bxh6 14. Qxh6 e5 15. Nf5 Nxb3+ 16. axb3 gxf5 17. Rxd6 Ne8 18. Nd5 f6 19. Ra6 Bc8 20. Rxa7 Bb7 21. g4 Rf7 22. gxf5 Rg7 23. f4 Bxd5 24. Rxg7+ Nxg7 25. Rg1 Qc7 26. exd5 Rc8 27. c3 Qa7 28. Rg3 exf4 29. Qxf4 Re8 30. Qg4 1/2-1/2

[Event "HUN-ch U18"]
[Site "Celldoemoelk"]
[Date "2011.06.30"]
[Round "4"]
[White "Straubinger, Daniel"]
[Black "Ban, Daniel Peter"]
[Result "1/2-1/2"]
[WhiteElo "2235"]
[BlackElo "2145"]
[PlyCount "25"]
[EventDate "2011.06.27"]
[EventType "swiss"]
[EventRounds "7"]
[EventCountry "HUN"]
[SourceTitle "EXT 2012"]
[Source "ChessBase"]
[SourceDate "2011.11.24"]
[SourceVersion "1"]
[SourceVersionDate "2011.11.24"]
[SourceQuality "1"]

1. e4 c5 2. Nf3 d6 3. d4 cxd4 4. Nxd4 Nf6 5. f3 e5 6. Nb3 d5 7. Bg5 Be6 8. Bb5+ Nc6 9. Qe2 dxe4 10. N1d2 Be7 11. fxe4 Qc7 12. c3 a6 13. Bd3 1/2-1/2

[Event "HUN-chT2 Maroczy 1011"]
[Site "Hungary"]
[Date "2011.05.15"]
[Round "11"]
[White "Ban, Daniel Peter"]
[Black "Laszlo, Zoltan"]
[Result "1-0"]
[WhiteElo "2130"]
[BlackElo "2061"]
[PlyCount "39"]
[EventDate "2010.09.12"]
[EventType "team-tourn"]
[EventRounds "11"]
[EventCountry "HUN"]
[SourceTitle "EXT 2012"]
[Source "ChessBase"]
[SourceDate "2011.11.24"]
[SourceVersion "1"]
[SourceVersionDate "2011.11.24"]
[SourceQuality "1"]
[WhiteTeam "Nyiregyhaza"]
[BlackTeam "Miskolc EMSE"]
[WhiteTeamCountry "HUN"]
[BlackTeamCountry "HUN"]

1. e4 d6 2. d4 Nf6 3. Nc3 g6 4. f4 Bg7 5. Nf3 c6 6. Bd3 Bg4 7. 0-0 0-0 8. h3 Bxf3 9. Qxf3 Qb6 10. Be3 Qxb2 11. Ne2 Qb6 12. c4 Qc7 13. e5 Nfd7 14. e6 fxe6 15. Qg4 Rf6 16. Ng3 Na6 17. f5 exf5 18. Bxf5 gxf5 19. Nxf5 Rxf5 20. Bh6 1-0

[Event "HUN-chT2 Maroczy 1011"]
[Site "Hungary"]
[Date "2011.04.17"]
[Round "9"]
[White "Ban, Daniel Peter"]
[Black "Luca, Ionel"]
[Result "1/2-1/2"]
[WhiteElo "2130"]
[BlackElo "2153"]
[PlyCount "100"]
[EventDate "2010.09.12"]
[EventType "team-tourn"]
[EventRounds "11"]
[EventCountry "HUN"]
[SourceTitle "EXT 2012"]
[Source "ChessBase"]
[SourceDate "2011.11.24"]
[SourceVersion "1"]
[SourceVersionDate "2011.11.24"]
[SourceQuality "1"]
[WhiteTeam "Nyiregyhaza"]
[BlackTeam "Kisujszallas"]
[WhiteTeamCountry "HUN"]
[BlackTeamCountry "HUN"]

1. e4 d6 2. d4 Nf6 3. Nc3 c6 4. a4 Nbd7 5. Bc4 d5 6. exd5 Nb6 7. Be2 Nbxd5 8. Nxd5 cxd5 9. Nf3 g6 10. 0-0 Bg7 11. Ne5 0-0 12. Bf4 Be6 13. c3 Ne4 14. Bd3 Nd6 15. Qe2 Rc8 16. h4 Bf5 17. Rfe1 e6 18. h5 Bxd3 19. Nxd3 Nc4 20. h6 Bh8 21. Qg4 Rc6 22. Re2 Nd6 23. Bxd6 Qxd6 24. Rae1 Bf6 25. Nf4 Kh8 26. Qg3 g5 27. Nh5 Qxg3 28. fxg3 Bd8 29. g4 Kg8 30. Rf1 f6 31. Rfe1 Kf7 32. Ng7 e5 33. dxe5 fxe5 34. Rxe5 Rxh6 35. Nf5 Bb6+ 36. Kf1 Rh1+ 37. Ke2 Rxe1+ 38. Kxe1 Kf6 39. Rxd5 Re8+ 40. Kd2 Re4 41. a5 Bg1 42. Nh6 Ke6 43. Rb5 b6 44. axb6 Bxb6 45. b3 Re5 46. Rb4 Rd5+ 47. Ke2 Re5+ 48. Kd2 Rd5+ 49. Kc2 Re5 50. Kd2 Rd5+ 1/2-1/2

[Event "HUN-chT2 Maroczy 1011"]
[Site "Hungary"]
[Date "2011.03.27"]
[Round "7"]
[White "Hardicsay, Peter"]
[Black "Ban, Daniel Peter"]
[Result "1/2-1/2"]
[WhiteElo "2252"]
[BlackElo "2130"]
[PlyCount "90"]
[EventDate "2010.09.12"]
[EventType "team-tourn"]
[EventRounds "11"]
[EventCountry "HUN"]
[SourceTitle "EXT 2012"]
[Source "ChessBase"]
[SourceDate "2011.11.24"]
[SourceVersion "1"]
[SourceVersionDate "2011.11.24"]
[SourceQuality "1"]
[WhiteTeam "Fuzesabony"]
[BlackTeam "Nyiregyhaza"]
[WhiteTeamCountry "HUN"]
[BlackTeamCountry "HUN"]

1. c4 Nf6 2. Nc3 c5 3. Nf3 Nc6 4. g3 g6 5. Bg2 Bg7 6. 0-0 0-0 7. d4 cxd4 8. Nxd4 Nxd4 9. Qxd4 d6 10. Qd3 Nd7 11. b3 Nc5 12. Qd2 a5 13. Ba3 Bd7 14. Rac1 Bc6 15. Rfd1 Qb6 16. Qe3 Rfe8 17. Nd5 Bxd5 18. Rxd5 Rac8 19. Rcd1 Bf6 20. h4 h5 21. Bf3 Rc6 22. R5d2 Rcc8 23. Kg2 Qc7 24. Bxc5 Qxc5 25. Qxc5 Rxc5 26. Bxb7 Rb8 27. Be4 Bc3 28. Rd3 Bb4 29. f4 Kg7 30. Bf3 Kf6 31. Be4 Kg7 32. Rf1 Rbc8 33. Bd5 e6 34. Bf3 R5c7 35. Rfd1 Rb8 36. e4 Rb6 37. Rf1 Rb8 38. Bd1 Rf8 39. f5 Rb8 40. g4 hxg4 41. Bxg4 exf5 42. exf5 Re8 43. fxg6 fxg6 44. h5 Re5 45. hxg6 Rg5 1/2-1/2

[Event "HUN-chT U18"]
[Site "Miskolc"]
[Date "2010.11.06"]
[Round "8.1"]
[White "Petenyi, Tamas"]
[Black "Ban, Daniel Peter"]
[Result "1-0"]
[WhiteElo "2393"]
[BlackElo "2130"]
[PlyCount "155"]
[EventDate "2010.11.02"]
[EventType "team-swiss"]
[EventRounds "8"]
[EventCountry "HUN"]
[SourceTitle "EXT 2016"]
[Source "ChessBase"]
[SourceDate "2015.10.08"]
[SourceVersion "1"]
[SourceVersionDate "2015.10.08"]
[SourceQuality "1"]

1. e4 c5 2. Nf3 d6 3. d4 cxd4 4. Nxd4 Nf6 5. Nc3 g6 6. Be3 Bg7 7. f3 0-0 8. Qd2 Nc6 9. 0-0-0 d5 10. exd5 Nxd5 11. Nxc6 bxc6 12. Bd4 Nxc3 13. Qxc3 Bh6+ 14. Be3 Bxe3+ 15. Qxe3 Qb6 16. Qxe7 Be6 17. Qa3 Rfd8 18. Bd3 Rab8 19. Rhe1 Rd5 20. b3 a5 21. Be4 Rg5 22. g4 Bd5 23. Qe7 Bxe4 24. Qxg5 Bxf3 25. Rd3 Bd5 26. Qf6 Qb4 27. Red1 a4 28. Qd4 Qa3+ 29. Qb2 Qe7 30. Qd4 Qa3+ 31. Kb1 axb3 32. axb3 Qe7 33. Re3 Qa3 34. Qe5 Ra8 35. Rde1 Be6 36. g5 Qa2+ 37. Kc1 Qa3+ 38. Qb2 Qc5 39. h4 Qb4 40. Re4 Qc5 41. Qf6 Qa3+ 42. Qb2 Qc5 43. R1e3 Qd6 44. Qc3 Qa3+ 45. Kd2 Qd6+ 46. Qd4 Qc7 47. Qf6 Rd8+ 48. Ke1 Re8 49. Qe5 Qb6 50. Kd2 Rd8+ 51. Rd3 Qf2+ 52. Re2 Rxd3+ 53. cxd3 Qb6 54. Qc3 Qc7 55. Re5 Qa7 56. Ra5 Qf2+ 57. Kc1 Qg1+ 58. Kb2 Qh2+ 59. Ka3 Qd6+ 60. Qc5 Qb8 61. b4 Qd8 62. Qc3 Bd5 63. Qd4 Qb8 64. Ra7 Be6 65. Qc5 Qd8 66. d4 Qb8 67. Ka4 Bd5 68. b5 cxb5+ 69. Kb4 Bc4 70. Rc7 Be6 71. d5 Bf5 72. Qe7 Qf8 73. Qxf8+ Kxf8 74. d6 Ke8 75. Re7+ Kf8 76. Kxb5 Bg4 77. Kb6 Bd1 78. Kc7 1-0

[Event "HUN-chT U18"]
[Site "Miskolc"]
[Date "2010.11.05"]
[Round "6.5"]
[White "Ban, Daniel Peter"]
[Black "Hegyesi, Zoltan"]
[Result "1/2-1/2"]
[WhiteElo "2130"]
[BlackElo "2141"]
[PlyCount "29"]
[EventDate "2010.11.02"]
[EventType "team-swiss"]
[EventRounds "8"]
[EventCountry "HUN"]
[SourceTitle "EXT 2016"]
[Source "ChessBase"]
[SourceDate "2015.10.08"]
[SourceVersion "1"]
[SourceVersionDate "2015.10.08"]
[SourceQuality "1"]

1. e4 c6 2. Nc3 d5 3. Qf3 dxe4 4. Nxe4 Nd7 5. d4 Ngf6 6. Bc4 e6 7. Ne2 Nxe4 8. Qxe4 Be7 9. 0-0 Nf6 10. Qf3 Bd7 11. a4 Qc8 12. Bg5 h6 13. Bf4 c5 14. dxc5 0-0 15. Bd3 1/2-1/2

[Event "HUN-chT U18"]
[Site "Miskolc"]
[Date "2010.11.05"]
[Round "7.3"]
[White "Pregun, Balint"]
[Black "Ban, Daniel Peter"]
[Result "1/2-1/2"]
[WhiteElo "1877"]
[BlackElo "2130"]
[PlyCount "118"]
[EventDate "2010.11.02"]
[EventType "team-swiss"]
[EventRounds "8"]
[EventCountry "HUN"]
[SourceTitle "EXT 2016"]
[Source "ChessBase"]
[SourceDate "2015.10.08"]
[SourceVersion "1"]
[SourceVersionDate "2015.10.08"]
[SourceQuality "1"]

1. e4 c5 2. Nf3 d6 3. d4 cxd4 4. Nxd4 Nf6 5. Nc3 g6 6. Be3 Bg7 7. f3 0-0 8. Qd2 Nc6 9. 0-0-0 d5 10. Kb1 Nxd4 11. e5 Nf5 12. exf6 Bxf6 13. Nxd5 Qxd5 14. Qxd5 Nxe3 15. Qd3 Nxd1 16. Qxd1 Be6 17. Be2 Rfd8 18. Qc1 Rd6 19. Rd1 Rad8 20. Rxd6 Rxd6 21. g4 a5 22. Qe1 b6 23. Qc1 Kg7 24. Bd3 h6 25. h3 Rd4 26. Qe1 Bc4 27. Bxc4 Rxc4 28. a3 Rc5 29. Qe3 Rb5 30. c3 Rc5 31. Kc2 Rc6 32. Qe4 Re6 33. Qd3 Rd6 34. Qe4 Re6 35. Qd3 h5 36. b4 axb4 37. axb4 h4 38. f4 Rc6 39. c4 e5 40. Qd5 Re6 41. f5 gxf5 42. gxf5 Re7 43. Kd2 e4 44. Ke3 Bg5+ 45. Ke2 Ra7 46. c5 bxc5 47. bxc5 Re7 48. c6 Bf4 49. Qd4+ Be5 50. Qc5 Kf6 51. Qf2 Bg3 52. Qc5 e3 53. Qd5 Bc7 54. Qc5 Be5 55. Qc2 Bc7 56. Qc5 Bg3 57. Qc2 Be5 58. Qd3 Bg3 59. Qc2 Bc7 1/2-1/2

[Event "HUN-chT U18"]
[Site "Miskolc"]
[Date "2010.11.04"]
[Round "5.5"]
[White "Adorjan, Botond"]
[Black "Ban, Daniel Peter"]
[Result "0-1"]
[WhiteElo "1999"]
[BlackElo "2130"]
[PlyCount "102"]
[EventDate "2010.11.02"]
[EventType "team-swiss"]
[EventRounds "8"]
[EventCountry "HUN"]
[SourceTitle "EXT 2016"]
[Source "ChessBase"]
[SourceDate "2015.10.08"]
[SourceVersion "1"]
[SourceVersionDate "2015.10.08"]
[SourceQuality "1"]

1. Nf3 Nf6 2. c4 c5 3. Nc3 g6 4. g3 Bg7 5. Bg2 0-0 6. 0-0 d5 7. cxd5 Nxd5 8. a3 Nc6 9. Qc2 Nxc3 10. bxc3 e5 11. e4 h6 12. c4 Bg4 13. Bb2 Qd7 14. d3 Bxf3 15. Bxf3 Rad8 16. Rad1 Nd4 17. Bxd4 Qxd4 18. Kg2 Rd6 19. Rd2 Ra6 20. a4 Qd7 21. Ra1 Rd8 22. Ra2 Rd6 23. Ra3 h5 24. h3 h4 25. Rd1 hxg3 26. fxg3 Bh6 27. Qf2 Ra6 28. a5 Qc7 29. Qe1 Rad6 30. Rb3 Qe7 31. Qf2 R6d7 32. Be2 Rf8 33. Rb5 Rc7 34. Bf3 Rd8 35. Be2 Qd6 36. Rdb1 Rdd7 37. Rf1 Re7 38. Qf6 Qxf6 39. Rxf6 Be3 40. Rf1 Bd2 41. a6 bxa6 42. Rb8+ Kg7 43. Rfb1 Bb4 44. Bg4 a5 45. Bd1 Rcd7 46. Bc2 a4 47. Bxa4 Rxd3 48. Bc6 a5 49. Rb2 Ra7 50. Rb7 Rxb7 51. Bxb7 a4 0-1

[Event "HUN-ch U16"]
[Site "Budapest"]
[Date "2010.07.03"]
[Round "8"]
[White "Ban, Daniel Peter"]
[Black "Bagi, Mate"]
[Result "0-1"]
[WhiteElo "1940"]
[BlackElo "2161"]
[PlyCount "76"]
[EventDate "2010.06.26"]
[EventType "swiss"]
[EventRounds "9"]
[EventCountry "HUN"]
[SourceTitle "CBM 137 Extra"]
[Source "ChessBase"]
[SourceDate "2010.09.01"]
[SourceVersion "1"]
[SourceVersionDate "2010.09.01"]
[SourceQuality "1"]

1. e4 e5 2. Nf3 Nc6 3. Bb5 a6 4. Ba4 Nf6 5. 0-0 Be7 6. Re1 b5 7. Bb3 d6 8. c3 0-0 9. h3 Na5 10. Bc2 c5 11. d4 Nd7 12. Nbd2 exd4 13. cxd4 Nc6 14. Nf1 Bf6 15. Be3 Bb7 16. Rc1 Re8 17. Ng3 g6 18. b3 Rc8 19. Bf4 Nxd4 20. Bxd6 Qb6 21. Bf4 Rcd8 22. Nxd4 Bxd4 23. Qe2 Nf6 24. Qf1 Rd7 25. Kh1 c4 26. f3 c3 27. b4 Red8 28. Bb3 Bf2 29. Re2 Bxg3 30. Bxg3 Nh5 31. Bf2 Qd6 32. e5 Qd3 33. Rd1 Qxd1 34. Bxd1 Rxd1 35. Re1 c2 36. e6 Rxe1 37. Qxe1 Rd1 38. e7 Bc6 0-1